Guía práctica para el examen de ingreso a la Universidad

Bibliographic Details
Main Authors: Montañez Colín, Ana Luisa, Aguilar Márquez, Arturo, Bravo Vásquez, Fabián Valapai
Format: Section = Libro
Language:Undetermined
Spanish
Published: México Pearson 2013
Edition:2a.ed.
Subjects:
LEADER 00764nam a2200253Ia 4500
008 240829s9999 xx 000 0 und d
020 |a 978-607-32-1538-1 
040 |a BIBLIOTECA-RUSB/ 378.166 G943 
041 |a spa 
082 |a 378.166 G943 
100 1 |a Montañez Colín, Ana Luisa 
100 1 |b  Aguilar Márquez, Arturo 
100 1 |c  Bravo Vásquez, Fabián Valapai 
245 1 0 |a Guía práctica para el examen de ingreso a la Universidad 
250 |a 2a.ed. 
260 |a México  |b Pearson  |c 2013 
300 |a 1024 p. :il. 
650 7 |a EDUCACIÓN SUPERIOR – UNIVERSIDAD 
650 7 |b  EXÁMENES DE INGRESO 
650 7 |c  GUÍAS-PRUEBAS 
650 7 |d  SISTEMA DE CALIFICACIÓN EDUCATIVOS 
942 |c BK  |2 ddc 
991 |a TEXTO 
999 |c 1166